000 00564nam a2200169 i 4500
001 99311
003 ES-MaACL
007 t|
008 050906s1969 sp ||||1| spa d
100 1 _aMartín Mateo, Ramón.
_977561
245 1 3 _aEl horizonte de la descentralización /
_cRamón Martín Mateo.
260 _aMadrid :
_bInstituto de Estudios de Administración Local,
_c1969.
300 _a266 p., 3 h. ;
_c21 cm.
710 2 _aInstituto de Estudios de Administración Local (España)
_94893
852 _aES-MaACL
_jE-8605
_bR.71769
999 _c99311
_d99311